00415cam a22001097a 4500008004000000082001500040245014500055260003700200300001100237700003800248700001900286180718b1960 xxu||||| |||| 00| 0 eng d aA2:VA2 In2 aA bibliography of Undology (enumerating basic publications on all aspects of Indian culture): Indian anthropologycCompiled by J.M. Kanitkar aCalcuttabNational Libraryc1960 a290+p. aIndia. National Library, Calcutta aKanitkar, J.M.